Carregant...

സരോജിനിനായി‍ഡു

Dades bibliogràfiques
Autors principals: കരുണാകരന്‍നമ്പ്യാര്‍, Karunakaran Nambiar
Format: Printed Book
Publicat: Thrissur; Kerala sahithya Acadami;
Edició:1st
Matèries:
LEADER 00664nam a22001697a 4500
082 |a 920  |b KAR/S 
100 |a കരുണാകരന്‍നമ്പ്യാര്‍  |9 112616 
100 |a Karunakaran Nambiar  |9 112617 
240 |a Sarojini Naidu 
245 |a സരോജിനിനായി‍ഡു 
250 |a 1st 
260 |a Thrissur;  |b Kerala sahithya Acadami; 
650 |a മലയാളം; ജീവചരിത്രം   |9 112618 
650 |a  Malayalam;Biography  |9 112619 
942 |c BK 
999 |c 55558  |d 55558 
952 |0 0  |1 0  |4 0  |6 920_000000000000000_KAR_S  |7 0  |8 BIO  |9 66323  |a MAL  |b MAL  |d 2016-06-28  |e 29028  |l 0  |o 920 KAR/S  |p MAL029028  |r 2016-06-28  |t 1  |w 2016-06-28  |y BK